| 000 | 01604nam a2200313 a 4500 | ||
|---|---|---|---|
| 001 | BRCA_8427 | ||
| 003 | FranzMayer | ||
| 005 | 20230726111354.0 | ||
| 008 | 250815s1724----sp-#######---#000-0#spa-# | ||
| 040 |
_aMFM _besp _cMFM |
||
| 041 | _aspa | ||
| 044 | _asp | ||
| 050 | 4 |
_aDCON5 _bC37 1724 |
|
| 082 | _2BX4700.T4 | ||
| 245 | 1 | 0 |
_aCartas de Santa Teresa de Jesús, madre y fundadora de la Reforma de la Orden de nuestra Señora del Carmen, de la Primitiva Observancia _ccon notas de Juan de Palafox y Mendoza. |
| 260 |
_aBarcelona _bImprenta de los Padres Carmelitas Descalzos _c[1724] |
||
| 300 |
_a568 p. (t.1) _c21 cm. |
||
| 500 | _aIncluye índice de las cosas notables | ||
| 500 | _aEstado físico : encuadernación en pergamino, cantos decorados | ||
| 500 | _aDonación de la Familia López Silanes | ||
| 500 | _aEn portada : Cartas de Santa Teresa de Iesvs, madre y fundadora de la Reforma de la Orden de nuestra Señora del Carmen, de la Primitiva Observancia : con notas del excelentissimo, y reverendissimo Señor Don Juan de Palafox y Mendoza, Obispo de Osma, del Consejo de su Majestad ; recogidas por orden del reverendissimo Padre Fray Diego de la Presentacion, General que fue de los Carmelitas Descalzos de la Primitiva Observancia | ||
| 500 | _aTomo primero. Dedicadas al serenissimo señor. El señor Don Ivan de Austria | ||
| 500 | _aNúmero de control : 00001 | ||
| 600 | 1 | 4 |
_aTeresa, de Jesús, Santo _cTeresa de Ávila _d1515-1582 _xCartas _921108 |
| 650 | 1 | 4 |
_aSantos _zEspaña _921109 |
| 700 | 1 |
_aPalafox y Mendoza, Juan de _96322 |
|
| 902 | _aDCON | ||
| 942 |
_2lcc _cB |
||
| 999 |
_c8094 _d8094 |
||